=LDR 00000nam 2200000 4500 =001 INLIS000000000020336 =005 20130612115308 =008 ***********************************Ind** =035 ##$$0010-061300000020336 =041 ##$$a Ind =082 ##$$a 813 =090 ##$$a 813, Emk b =100 ##$$a Emka, Moamuar =245 ##$$a Beib, aku sakau, cinta banget gitu loh, Moamar Emka =260 ##$$a 2005 $b Jakarta =300 ##$$a xx, 312 hlm, 19 cm =650 ##$$a Novel =850 ##$$a NBPNMAT